|
|
|
|
| LEADER |
00881nab#a2200301#ar4500 |
| 001 |
000079946 |
| 003 |
SVKKK |
| 005 |
20070703112537.0 |
| 008 |
050331c2006 xo e slo |
| FMT |
|
|
|
| 038 |
|
|
|a SVKKK
|
| 040 |
|
|
|a SVKKK
|b slo
|e AACR2
|
| 041 |
0 |
|
|a slo
|
| 044 |
|
|
|a xo
|c SK
|
| 080 |
|
|
|a 504.54(437.6)(048)
|2 1997
|
| 080 |
|
|
|a 91(437.6)(048)
|2 1997
|
| 100 |
1 |
|
|a Spišiak, Peter
|4 aut
|
| 245 |
1 |
0 |
|a Literatúra
|c Peter Spišiak
|
| 650 |
0 |
4 |
|a štruktúra krajinná
|x geoekológia
|z Skalica (Slovensko : okres)
|x recenzie
|
| 773 |
0 |
|
|t Geografický časopis
|x 0016-7193
|g Roč. 58, č. 1 (2006), s. 73-74
|
| 787 |
0 |
8 |
|i Recenze na:
|t Krajinná štruktúra okresu Skalica: hodnotenie zmien, diverzity a stability
|d Bratislava : Geografický ústav SAV, 2004
|
| 958 |
|
|
|a RC
|
| 958 |
|
|
|a SK
|
| 992 |
|
|
|a RBX
|
| BAS |
|
|
|
| 852 |
|
|
|a SVKKK
|b BIB
|
| EXP |
|
|
|
| 998 |
|
|
|a GEO
|